000 00550nam a2200205Ia 4500
003 OSt
005 20250122093715.0
008 210716s1996 xx 000 0 und d
020 _a0804114250
040 _cAIMIT LIBRARY
041 _aeng
082 _a808.83
_21
_bPERT
100 _aPerry, Thomas.
_9194439
245 _aDance for the dead /
_cBy Thomas Perry.
250 _a1st ed.
260 _aNew York :
_bBallantine books ;
_c1996.
300 _a406p. ;
_bPB
_c17 cm.
650 _aNovels
_9194440
942 _2ddc
_cBK
_e1st ed.
_k808.83 PERT
999 _c200244
_d200244